| Tag |
First Indicator |
Second Indicator |
Subfields |
| LEADER |
00000cam a2200000 a 4500 |
| 001 |
in00000049940 |
| 005 |
20151007075917.0 |
| 008 |
820715s1981 enkab b 00110 eng |
| 010 |
|
|
|a 80041630
|
| 015 |
|
|
|a GB***
|
| 020 |
|
|
|a 0120786508
|
| 035 |
|
|
|a (OCoLC)08666704
|
| 035 |
|
|
|9 AAF3986AM
|
| 039 |
0 |
|
|a 2
|b 3
|c 3
|d 3
|e 3
|
| 040 |
|
|
|a DLC
|c DLC
|d TXA
|d UtOrBLW
|
| 043 |
|
|
|a e-it---
|
| 049 |
|
|
|a TXAM
|c [802363]
|
| 050 |
0 |
0 |
|a GN818 C39
|b B37
|
| 082 |
0 |
|
|a 937/.01
|2 19
|
| 100 |
1 |
|
|a Barker, Graeme.
|
| 245 |
1 |
0 |
|a Landscape and society :
|b prehistoric central Italy /
|c Graeme Barker.
|
| 264 |
|
1 |
|a London ;
|a New York :
|b Academic Press,
|c 1981.
|
| 300 |
|
|
|a xiv, 281 pages :
|b illustrations, maps ;
|c 24 cm.
|
| 336 |
|
|
|a text
|b txt
|2 rdacontent
|
| 337 |
|
|
|a unmediated
|b n
|2 rdamedia
|
| 338 |
|
|
|a volume
|b nc
|2 rdacarrier
|
| 490 |
1 |
|
|a Studies in archaeology
|
| 500 |
|
|
|a Includes index.
|
| 504 |
|
|
|a Bibliography: pages 238-263.
|
| 650 |
|
0 |
|a Prehistoric peoples
|z Italy, Central.
|
| 651 |
|
0 |
|a Italy, Central
|x Antiquities.
|
| 830 |
|
0 |
|a Studies in archaeology.
|
| 999 |
|
|
|a MARS
|
| 999 |
f |
f |
|s 0b01b6c3-c91c-3bae-a2de-1e1e6d19107c
|i e87dbf73-94f3-3e5c-95d2-1547fcbe26b3
|t 0
|
| 952 |
f |
f |
|p ric
|a Texas A&M University
|b Rellis Campus
|c Joint Library Facility
|d Remote Storage
|t 0
|e GN818 C39 B37
|h Library of Congress classification
|i unmediated -- volume
|m A14805923315
|
| 998 |
f |
f |
|a GN818 C39 B37
|t 0
|l Remote Storage
|